000 00475nam a2200169Ia 4500
003 LK-CoDNM
008 010623t1982 xxu||||| |||| 00| 1 sin d
040 _aLK-CoDNM
_dLK-CoDNM
_eLK-CoDNM
041 _asin
080 _a362.841
_bYOU
245 _aයෞවන සමාජ උපදෙස් මාලාව
246 _aYavvana samaja upades maalaavw
260 _bYauvana samaja anshaya
_aColombo
_c1982
300 _b54, 21 cm
650 _aObjectives
942 _cBK
999 _c112014
_d112014